|
|
|
|
| LEADER |
04428nam a2200445Ii 4500 |
| 001 |
34098 |
| 003 |
BD-DhAAL |
| 005 |
20211124132928.0 |
| 008 |
190102t20152016ii a o 000 0 eng d |
| 999 |
|
|
|c 40153
|d 40153
|
| 020 |
|
|
|a 9788132224372
|
| 020 |
|
|
|a 813222437X
|
| 020 |
|
|
|z 9788132224365
|
| 035 |
|
|
|a (OCoLC)921887749
|
| 040 |
|
|
|a N$T
|b eng
|e rda
|e pn
|c N$T
|d GW5XE
|d N$T
|d OCLCO
|d YDXCP
|d IDEBK
|d OCLCF
|d OCLCO
|d EBLCP
|d DEBSZ
|d OCLCO
|d MEAUC
|d BD-DhAAL
|
| 049 |
|
|
|a MYGG
|
| 050 |
|
4 |
|a HQ1075
|
| 072 |
|
7 |
|a SOC
|x 031000
|2 bisacsh
|
| 072 |
|
7 |
|a SOC
|x 020000
|2 bisacsh
|
| 082 |
0 |
4 |
|a 305.3
|2 23
|
| 245 |
0 |
0 |
|a Transcultural negotiations of gender :
|b studies in (be)longing /
|c edited by Saugata Bhaduri and Indrani Mukherjee
|
| 260 |
|
|
|a New Delhi ;
|a Heidelberg ;
|a New York ;
|a Dordrecht ;
|a London :
|b Springer,
|c c2016
|
| 300 |
|
|
|a xix, 223 pages :
|b illustrations (some color) ;
|c 24 cm.
|
| 504 |
|
|
|a Includes bibliographical references (pages 221-222)
|
| 505 |
0 |
|
|a Preface -- Acknowledgments -- Contents -- Editors and Contributors -- Part I (Be)longing in Time -- 1 Curiosity Killed The... Woman: Modern Rewritings of "Bluebeard" in Literary Representations of Marital Abuse -- Abstract -- References -- 2 New Feminine Myths as Builders of New Transcultural Horizons -- Abstract -- References -- 3 Not By Faith Alone: Religion, Gender and The Public Domain in India -- Abstract -- 3.1 Introduction -- 3.2 Kumaran Asan's Re-Reading of Sita -- 3.3 Periyar's Re-Interpretation of The Ramayana -- 3.4 Nina Paley's Sita Sings the Blues -- 3.5 Conclusion
|
| 505 |
8 |
|
|a 7.2 Natsume Soseki and Ruth Prawer Jhabvala -- 7.3 Gender Issues in India and Japan -- 7.4 Conclusion -- References -- 8 Rewriting GenreGender? Crime Fiction by Women Authors from India and Latin America -- Abstract -- References -- 9 Gender Revolution in Socialist Cuba: Up to a Certain Point -- Abstract -- References -- 10 Bodies of Pleasure: Rethinking Gender, Space and Identity -- Abstract -- 10.1 Moving Bodies, Performing Gender: An Introduction -- 10.2 Bodily Practices and Gendered Spaces: A Critical Review -- 10.3 Parks as Spaces of Resistance and Negotiation
|
| 505 |
8 |
|
|a 10.4 Concluding Remarks -- References -- Part III Performing (Be)longing -- 11 "Devadasi" Reform in Colonial South India: The Case of Radhika Santwanam -- Abstract -- References -- 12 Gender and Performance: The Reinvention of Mohiniyattam in Early Twentieth-Century Kerala -- Abstract -- References -- 13 Wayward Women, Wicked Singing -- Abstract -- 13.1 Introduction -- 13.2 The Search -- 13.3 The Journey -- 13.4 Conclusion -- References -- 14 Gendered Bhavas: Perpetuating Notions of "Ideal" Male and Female Behaviour Through Specific Emotions Highlighted in Acting in Mayabazar -- Abstract
|
| 505 |
8 |
|
|a 14.1 Introduction -- 14.2 Storyline -- 14.3 Different Genders, Different Bhavas -- 14.3.1 Sasirekha in Courtship -- 14.3.2 Sasirekha in Protest -- 14.3.3 Sasirekha in Marriage -- 14.4 Conclusion -- References -- 15 The Relevance of Gender in the Narco CorridoNarco Novel -- Abstract -- References -- Part IV Modernity, Technology and (Be)longing -- 16 Tagore's Women Heralding The "New Indian Woman": A Critique of the Women's Question in the Nationalist Discourse -- Abstract -- References -- 17 Manasi to Neera: The Evolution of the Concept of "Muse" in Modern Bengali Poetry -- Abstract
|
| 520 |
|
|
|a Transcultural Negotiations of Gender probes into how gender is negotiated along the two axes of `belonging' and `longing'- the twin desires of being located within a cultural milieu, while yearning for either what has passed by or what is yet to come.
|
| 526 |
|
|
|a ENH
|
| 541 |
|
|
|a Trim Education
|e 34098, 34099
|
| 650 |
|
0 |
|a Sex role
|v Cross-cultural studies.
|9 29258
|
| 650 |
|
0 |
|a Gender expression
|v Cross-cultural studies.
|9 29259
|
| 650 |
|
0 |
|a English literature
|9 43098
|
| 700 |
1 |
|
|a Bhaduri, Saugata,
|e editor.
|9 29262
|
| 700 |
1 |
|
|a Mukherjee, Indrani,
|e editor.
|9 29263
|
| 852 |
|
|
|a Ayesha Abed Library
|c General Stacks
|
| 942 |
|
|
|2 ddc
|c BK
|
| 952 |
|
|
|0 0
|1 0
|2 ddc
|4 0
|6 305_300000000000000_TRA
|7 0
|9 64845
|a BRACUL
|b BRACUL
|c GEN
|d 2018-12-24
|e Trim Education
|g 6825.00
|l 1
|m 3
|o 305.3 TRA
|p 3010034099
|q 2026-05-21
|r 2026-04-19
|s 2026-04-19
|t 2
|v 6825.00
|w 2018-12-24
|y BK
|
| 952 |
|
|
|0 0
|1 0
|2 ddc
|4 0
|6 305_300000000000000_TRA
|7 0
|9 64846
|a BRACUL
|b BRACUL
|c GEN
|d 2018-12-24
|e Trim Education
|g 6825.00
|l 1
|m 6
|o 305.3 TRA
|p 3010034098
|r 2026-04-07
|s 2026-02-26
|t 1
|v 6825.00
|w 2018-12-24
|y BK
|